MARC details
| 000 -CABECERA |
| campo de control de longitud fija |
01924nam a22003017a 4500 |
| 003 - IDENTIFICADOR DEL NÚMERO DE CONTROL |
| campo de control |
DO-SdBNP |
| 005 - FECHA Y HORA DE LA ÚLTIMA TRANSACCIÓN |
| campo de control |
20240412074308.0 |
| 007 - CAMPO FIJO DE DESCRIPCIÓN FÍSICA--INFORMACIÓN GENERAL |
| campo de control de longitud fija |
ta |
| 008 - DATOS DE LONGITUD FIJA--INFORMACIÓN GENERAL |
| campo de control de longitud fija |
201203b 2000 dr 00| 0 eng d |
| 020 ## - NÚMERO INTERNACIONAL ESTÁNDAR DEL LIBRO |
| Número Internacional Estándar del Libro |
9993420085 |
| 040 ## - FUENTE DE LA CATALOGACIÓN |
| Centro catalogador/agencia de origen |
DO-SdBNP |
| Lengua de catalogación |
spa |
| Centro/agencia transcriptor |
BNPHU |
| 082 #4 - NÚMERO DE LA CLASIFICACIÓN DECIMAL DEWEY |
| Número de clasificación |
BNPHU RD863.4408 |
| 111 1# - ENTRADA PRINCIPAL--NOMBRE DE CONGRESO/REUNIÓN |
| Nombre de congreso/reunión o jurisdicción como elemento de entrada |
Concurso Literatura ¨Por Nuestro País Primero¨ |
| Fecha del congreso/reunión |
(2000 : |
| Sede del congreso/Lugar de la reunión |
Puerto Plata) |
| 9 (RLIN) |
55417 |
| 245 10 - MENCIÓN DE TÍTULO |
| Título |
Otros cuentos puertoplateños : |
| Resto del título |
(antología) / |
| Mención de responsabilidad, etc. |
presentación Lilian Russo de Cueto ; prólogo Diógenes Valdez. |
| 260 ## - PUBLICACIÓN, DISTRIBUCIÓN, ETC. |
| Lugar de publicación, distribución, etc. |
Santo Domingo : |
| Nombre del editor, distribuidor, etc. |
Ediciones Renovación, |
| Fecha de publicación, distribución, etc. |
2001 |
| 300 ## - DESCRIPCIÓN FÍSICA |
| Extensión |
125 p. ; |
| Dimensiones |
22 cm. |
| 490 1# - MENCIÓN DE SERIE |
| Mención de serie |
"Por nuestro país primero." |
| 505 0# - NOTA DE CONTENIDO CON FORMATO |
| Título |
El compromiso de la firma Brugal & Co C. por A. / |
| Mención de responsabilidad |
Osvaldo Brugal Limardo -- |
| Información miscelánea |
Presentación / |
| Mención de responsabilidad |
Lilian Russo de Cueto -- |
| Título |
Prólogo / |
| Mención de responsabilidad |
Diógenes Valdez -- |
| Título |
El sueño del General / |
| Mención de responsabilidad |
Franklin Álvarez -- |
| Título |
La venganza de Margarita Moreno/ |
| Mención de responsabilidad |
Franklin Álvarez -- |
| Título |
Una noche cualquiera de un sábado de diciembre / |
| Mención de responsabilidad |
Franklin Álvarez -- |
| Título |
Encuentro / |
| Mención de responsabilidad |
Wady Musa -- |
| Título |
"Tómelo usted" / |
| Mención de responsabilidad |
Nelson Mercedes Sandoval -- |
| Título |
Última visión de la tía Antonia / |
| Mención de responsabilidad |
Silvio O. Jerez -- |
| Título |
El héroe ausente / |
| Mención de responsabilidad |
Aglae Echavarría -- |
| Título |
Brevedad / |
| Mención de responsabilidad |
Johana Goede -- |
| Título |
La estrategia del General / |
| Mención de responsabilidad |
Luis Lorenzo Marmolejos -- |
| Título |
El abuelo / |
| Mención de responsabilidad |
Andrés Ulloa -- |
| Título |
Las doce menos cuarto / |
| Mención de responsabilidad |
Luis Lorenzo Marmolejos -- |
| Título |
La mejor / |
| Mención de responsabilidad |
Dennis Alexander Ripoll Cid -- |
| Título |
La dignidad / |
| Mención de responsabilidad |
Ramón Peña -- |
| Título |
Celos / |
| Mención de responsabilidad |
Aglae Echavarría -- |
| Título |
Un amargo recuerdo / |
| Mención de responsabilidad |
Aglae Echavarría -- |
| Título |
Pasión inútil / |
| Mención de responsabilidad |
Dennis Alexander Ripol Cid. |
| 590 ## - NOTA LOCAL (RLIN) |
| Nota local |
Inventariado, 2020/VM |
| 590 ## - NOTA LOCAL (RLIN) |
| Nota local |
Inventariado, 2020/LP |
| 650 14 - PUNTO DE ACCESO ADICIONAL DE MATERIA--TÉRMINO DE MATERIA |
| Término de materia o nombre geográfico como elemento de entrada |
Cuentos dominicanos |
| Subdivisión de forma |
Colecciones |
| 9 (RLIN) |
146 |
| 650 14 - PUNTO DE ACCESO ADICIONAL DE MATERIA--TÉRMINO DE MATERIA |
| Término de materia o nombre geográfico como elemento de entrada |
Certámenes literarios |
| 9 (RLIN) |
1541 |
| 650 10 - PUNTO DE ACCESO ADICIONAL DE MATERIA--TÉRMINO DE MATERIA |
| Término de materia o nombre geográfico como elemento de entrada |
Literatura dominicana. |
| 9 (RLIN) |
67 |
| 700 12 - PUNTO DE ACCESO ADICIONAL--NOMBRE DE PERSONA |
| Nombre de persona |
Valdez, Diógenes, |
| Fechas asociadas al nombre |
1941-, |
| Término indicativo de función/relación |
prólogo |
| 9 (RLIN) |
20511 |
| 830 #0 - PUNTO DE ACCESO ADICIONAL DE SERIE-TÍTULO UNIFORME |
| Título uniforme |
"Por nuestro país primero." |
| 9 (RLIN) |
77505 |
| 910 ## - DATOS DE OPCIÓN DEL USUARIO (OCLC) |
| Datos de opción del usuario |
Validado. Control de la calidad EMS |
| 942 ## - ELEMENTOS DE PUNTO DE ACCESO ADICIONAL (KOHA) |
| Fuente del sistema de clasificación o colocación |
Dewey Decimal Classification |
| Tipo de ítem Koha |
Libro |